Airlines Logo Medium - Statistics

General Stats
  • This quiz has been taken 103 times
  • The average score is 10 of 16
Answer Stats
Picture Answer % Correct
Korean
89%
Thai
89%
Southwest
88%
EasyJet
85%
Wizzair
85%
Air China
76%
Aeroflot
73%
Ethiopian
73%
Cathay
68%
Singapore
61%
Air India
53%
Iceland
50%
Egypt
48%
Indigo
26%
Jet Airways
16%
Spicejet
16%
No matching quizzes found
Score Distribution
Percent of People with Each Score
Percentile by Number Answered
Your Score History
You have not taken this quiz